Ed Edd n Eddy Trivia - Statistics

General Stats
  • This quiz has been taken 297 times
  • The average score is 8 of 15
Answer Stats
Hint Answer % Correct
Name of Johnny's famous sidekick? Plank
94%
In Eddy's bedtime story what was the vault filled with? Jawbreakers
73%
Girl that all the boys try to impress? Nazz
68%
The vehicle Kevin's bike sounds like? Motorcycle
67%
The Kanker Sisters dress up as what to destroy the Ed's Cruise Ship? Pirates
65%
What country were the squirt guns said to be from? Canada
60%
Name of the town? Peach Creek
53%
Name of Rolf's Goat? Victor
53%
Eddy's middle name? Skipper
51%
At one point Rolf's house was thought to be invaded by what? Aliens
50%
Double D's derogative nickname? Sockhead
50%
Name of the school football team? Cobblers
33%
Landmark that Eddy erects to destroy Ed's violin? Statue of Liberty
23%
Country that Ed's mail order jawbreakers came from? Slovakia
12%
Jimmy got his retainer after breaking his teeth on what? Eddy's cream horn
2%
No matching quizzes found
Score Distribution
Percent of People with Each Score
Percentile by Number Answered
Your Score History
You have not taken this quiz